01589nam a2200325 a 450000100100000000500170001000800410002704000250006808200300009311000320012324000210015524502600017625000110043626000640044730000200051150000340053150001210056550400730068650400300075959000260078965000450081565000450086065000330090565000380093865000440097670000630102091000380108395201270112199900150124800000495720250922140725.0090728s1995 dr r 000 0 spa d aDO-SdBNPbspacBNPHU a344.7293052bR426co, 19951 aRepública Dominicana944710a[Código, etc.]10aCódigo de justicia policial :badministración de justicia en la Policia Nacional de la República Dominicana : incluye ley orgánica policial, jurisprudencia y comentarios /c[anotado] Diego Francisco Jáquez Ortiz, Manuel de Js. Pérez Sánchez. a4a ed. aSanto Domingo :bLitografía Industrial Dominicana,c1995. a72 p. ;c21 cm. aIncluye índice alfabético aIncluye apéndice: Ley institucional de la Policia Nacional Nº 6141 de fecha 28 de diciembre de 1962 G.O. Nº 8724 aIncluye referencias biliográficas y notas al pie de las páginas. aBibliografía : p. 73-76 aInventariado, 2018/VM 4aPolicíazRepública Dominicana914306 4aPolicía nacionalxLegislación914307 4aResponsabilidad civil914308 0aResponsabilidad del estado914309 4aResponsabilidad extracontractual9143101 aPérez Sánchez, Manuel de Js.q(Manuel de Jesus)914316 aValidado. Control de calidad. MFF 0010718PDaPDbPDcHDd2009-07-28iLF1l0o344.7293052 R426co, 1995p4957-10r2020-06-25w2020-06-25yLFPDZNo se presta c4763d4763